| 000 | 00000nas 2200000zi 4500 |
| 001 | 9.954324 |
| 003 | CaOODSP |
| 005 | 20250820132352 |
| 006 | m o d f |
| 007 | cr ||||||||||| |
| 008 | 250820c20249999bcc x m o f0###a0eng|d |
| 022 | |a2818-8438 |
| 040 | |aCaOODSP|beng|erda|cCaOODSP |
| 043 | |an-cn--- |
| 086 | 1 |aFs44-1E-PDF |
| 222 | 0|aRebuilding plan |
| 245 | 00|aRebuilding plan. |
| 264 | 1|aVancouver, BC : |bFisheries Management, Fisheries and Oceans Canada, |c[2024]- |
| 310 | |aIrregular |
| 336 | |atext|btxt|2rdacontent |
| 337 | |acomputer|bc|2rdamedia |
| 338 | |aonline resource|bcr|2rdacarrier |
| 500 | |aIssued also in French under title: Plan de reconstitution. |
| 650 | 0|aWildlife recovery|zCanada. |
| 650 | 0|aFisheries|zCanada|zManagement. |
| 710 | 1 |aCanada. |bDepartment of Fisheries and Oceans, |eissuing body. |
| 775 | 08|tPlan de rétablissement.|w(CaOODSP)9.954328 |